|
|
|
|
| LEADER |
00000nab a2200000 a 4500 |
| 001 |
vtls000910206 |
| 003 |
SK-MaSNL |
| 005 |
20260302173114.0 |
| 008 |
040720e20021115xo 0 slo |
| 035 |
|
|
|a KE19131
|
| 040 |
|
|
|a KEVKJB
|b slo
|c KEVKJB
|e AACR2
|
| 041 |
0 |
|
|a slo
|
| 044 |
|
|
|a xo
|c SK
|
| 080 |
|
|
|a 342.534
|2 1981
|
| 100 |
1 |
|
|a Macko, Boris
|4 aut
|9 857682
|
| 245 |
1 |
0 |
|a Košickí poslanci si našli svoje miesto vo výboroch
|b V Národnej rade je už jasné, kto bude pôsobiť
|
| 650 |
0 |
7 |
|a poslanci
|x Národná rada SR
|2 KEVKJB
|9 877810
|
| 650 |
0 |
7 |
|a zastúpenie Košíc
|2 KEVKJB
|9 880119
|
| 650 |
0 |
7 |
|a komisie Národnej rady
|2 KEVKJB
|9 880262
|
| 650 |
0 |
7 |
|a informácie
|2 KEVKJB
|9 1285
|
| 651 |
|
7 |
|a Košice (Slovensko)
|2 KEVKJB
|9 18694
|
| 651 |
|
7 |
|a KE,
|2 KEVKJB
|9 877256
|
| 655 |
|
7 |
|a periodikum
|2 snkbucl
|9 29553
|
| 773 |
0 |
8 |
|t Košický večer
|g Roč. 13
|g Roč. 34, č.221, 15.11.2002, s. 2
|
| 852 |
|
|
|a ZVYKNI
|b KIS3GCP
|
| 999 |
|
|
|c 1400713
|d 1402643
|